El modelo político electoral de la democracia costarricense, 1920-1980 /
Gespeichert in:
| 1. Verfasser: | |
|---|---|
| Format: | Unbekannt |
| Sprache: | Spanish |
| Schlagworte: | |
| Tags: |
Tag hinzufügen
Keine Tags, Fügen Sie den ersten Tag hinzu!
|
MARC
| LEADER | 000000000a22000000004500 | ||
|---|---|---|---|
| 001 | 002516 | ||
| 041 | 0 | |a spa | |
| 100 | 1 | |a Salazar Mora, Jorge Mario | |
| 245 | 1 | 3 | |a El modelo político electoral de la democracia costarricense, 1920-1980 / |c Jorge Mario Salazar Mora. |
| 310 | |a trimestral | ||
| 650 | 4 | |a COSTA RICA | |
| 650 | 4 | |a POLITICA Y GOBIERNO | |
| 650 | 4 | |a ELECCIONES | |
| 773 | 0 | |x 0482-5276 |d San José, Costa Rica : Editorial de la Universidad de Costa Rica |t Revista de Ciencias Sociales |g número 1 (1990), páginas 17-30 | |
| 942 | |c ARC | ||
| 999 | |c 9932 |d 9932 | ||
